Les noms de Mammifères par lettres -L - Statistiques

Statistiques générales
  • Ce quiz a été pris 112 fois
  • Le résultat moyen est 11 sur 24
Statistiques - réponses
Par images Réponse % Correct
Lion
100%
Loup
100%
Lama
99%
Lapin
99%
Lièvre
98%
Léopard
95%
Loutre
93%
Lynx
93%
Lémur
85%
Lamantin
65%
Lycaon
57%
Loir
40%
Lemming
24%
Lérot
22%
Loris
17%
Lièvre-sauteur
6%
Lérotin
4%
Lagotriche
3%
Langur
2%
Lépilémur
1%
Lièvre-wallaby
1%
Lasiure
0%
Limnogale
0%
Lophocèbe
0%
Aucun quiz correspondant
Distribution des résultats
% des personnes avec chaque résultat
Percentile par nombre de réponses
Votre historique - résultats
Vous n’avez pas pris ce quiz